| 000 | 00000nam##2200000za#4500 |
| 001 | 9.686864 |
| 003 | CaOODSP |
| 005 | 20210624230725 |
| 007 | cr ||||||||||| |
| 008 | 150407|2004||||xxc|||||o f|0| 0 eng|d |
| 020 | |a0-662-36227-6 |
| 040 | |aCaOODSP|beng |
| 043 | |an-cn--- |
| 086 | 1 |aA22-383/2004E-PDF |
| 110 | 1 |aCanada. |bAgriculture and Agri-Food Canada. |
| 245 | 14|aThe Canada-Manitoba Water Supply Expansion Program : |h[electronic resource]|bensuring long-term access to good-quality water |
| 260 | |aOttawa - Ontario : |bAgriculture and Agri-Food Canada |cc2004. |
| 300 | |a12p.|bphotographs |
| 500 | |aHistorical publication digitized by Agriculture and Agri-Food Canada. The catalogue number (A22-383/2004E) and ISBN (0-662-36226-8) for the print edition have been copied in this electronic publication. |
| 520 | 3 |aThis booklet is an introduction to a program to give Manitobans access to technical and financial support for the planning and development of projects that will improve their ability to develop and enhance long-term, sustainable agricultural water supplies. It explains who can participate in the program, what kinds of projects are eligible, what financial assistance is available, and how and when to apply. |
| 590 | |a15-03-Supp|b2015-03-13 |
| 690 | 07|aWater supply|2gcpds |
| 775 | 08|tProgramme d'approvisionnement en eau Canada-Manitoba : |w(CaOODSP)9.631326 |
| 776 | 0#|tThe Canada-Manitoba Water Supply Expansion Program : |w(CaOODSP)9.649201 |
| 856 | 40|ahttp://publications.gc.ca|qPDF|s592 KB|uhttps://publications.gc.ca/collections/collection_2015/aac-aafc/A22-383-2004-eng.pdf |
| 986 | |aAAFC 2253E |